| 000 | 00305 a2200109 4500 | ||
|---|---|---|---|
| 001 | 63376 | ||
| 082 | _a358.41 GRA | ||
| 090 |
_c37427 _d37427 |
||
| 100 | _aGray, P.W | ||
| 245 |
_aAir Power leadership: Theory and practice _hEnglish |
||
| 260 |
_aLondon _bDefense studies (RAF) The stationary office London |
||
| 942 |
_aCAE NUST _k358.41 GRA |
||
| 999 |
_c298449 _d298449 |
||